| 000 | 00351nam a2200121Ia 4500 | ||
|---|---|---|---|
| 005 | 20260328104248.0 | ||
| 008 | 260328s9999||||xx |||||||||||||| ||und|| | ||
| 100 | _aGispert, Carlos | ||
| 245 | 0 |
_aHistoria del Mundo Moderno : _b Entre el Renacimiento y la Revolución Francesa / _cCarlos Gispert |
|
| 260 | _bOcéano | ||
| 650 | _aHISTORIA | ||
| 942 | _cBK | ||
| 999 |
_c10164 _d10164 |
||